Statistics for Biggest Cities in North Africa on a Map

Click here to take the quiz!

General Stats

  • This quiz has been taken 840 times
    (825 since last reset)
  • The average score is 9 of 10

Answers on the Map

Answers color-coded by a green-red scale on the quiz's map according to % correct below.
 

Answer Stats

PopulationCity% Correct
21,000,000Cairo
100%
2,675,000Tunis
98%
3,975,000Algiers
97%
5,800,000Alexandria
96%
4,475,000Casablanca
95%
2,050,000Rabat
95%
1,250,000Tripoli
94%
6,300,000Khartoum
86%
1,270,000Fes
83%
1,480,000Oran
70%

Score Distribution

Percentile by Number Answered

Percent of People with Each Score

Your Score History

You have not taken this quiz since the last reset